[Event "Budapest SixDays 08 GM-A"]
[Site "Budapest"]
[Date "2023.08.02"]
[Round "5"]
[White "Magen, Daniel"]
[Black "Grabinsky, Aaron"]
[Result "1/2-1/2"]
[WhiteElo "2197"]
[BlackElo "2409"]
[PlyCount "123"]
[EventDate "2023.07.31"]
[EventType "tourn"]
[EventRounds "9"]
[EventCountry "HUN"]
[EventCategory "6"]
[SourceTitle "CBM 215 Extra"]
[Source "ChessBase"]
[SourceDate "2023.09.30"]
[SourceVersion "1"]
[SourceVersionDate "2023.09.30"]
[SourceQuality "1"]

1. e4 e6 2. d4 d5 3. e5 c5 4. c3 Qb6 5. Nf3 Nc6 6. Be2 cxd4 7. cxd4 Nge7 8. Na3 Nf5 9. Nc2 Bb4+ 10. Bd2 Bxd2+ 11. Qxd2 Qxb2 12. 0-0 Qb6 13. Rab1 Qa5 14. Qf4 0-0 15. Ne3 Nxe3 16. fxe3 f5 17. exf6 Rxf6 18. Qg3 Qd8 19. Bd3 Bd7 20. Ng5 h6 21. Nh7 Rf5 22. Bxf5 exf5 23. Qg6 b6 24. g4 Qe7 25. g5 Be8 26. Nf6+ Qxf6 27. Qxe8+ Rxe8 28. gxf6 g6 29. Rb5 Rd8 30. Rc1 Rd6 31. a4 Kf7 32. a5 Nxa5 33. Rc7+ Kxf6 34. Rxa7 g5 35. Rh7 Kg6 36. Re7 Nc4 37. Kf2 h5 38. Rb1 h4 39. Ra1 f4 40. exf4 Rf6 41. Rd1 Rxf4+ 42. Ke2 g4 43. Rd7 Rf3 44. Rg1 Re3+ 45. Kf2 Rf3+ 46. Ke2 Re3+ 47. Kf2 Kf5 48. Rxd5+ Kf4 49. Rd8 g3+ 50. hxg3+ hxg3+ 51. Rxg3 Rxg3 52. Rf8+ Ke4 53. Kxg3 Kxd4 54. Rb8 Kc5 55. Kf2 b5 56. Ke2 b4 57. Kd3 Ne5+ 58. Kc2 Nc6 59. Rc8 Kb5 60. Rh8 Kc4 61. Kb2 Nd4 62. Rh4 1/2-1/2

[Event "Budapest Spring op"]
[Site "Budapest"]
[Date "2017.03.21"]
[Round "4"]
[White "Magen, Daniel"]
[Black "Farago, Ivan"]
[Result "1-0"]
[WhiteElo "2144"]
[BlackElo "2417"]
[PlyCount "77"]
[EventDate "2017.03.18"]
[EventType "swiss"]
[EventRounds "9"]
[EventCountry "HUN"]
[SourceTitle "CBM 177 Extra"]
[Source "ChessBase"]
[SourceDate "2017.04.27"]
[SourceVersion "1"]
[SourceVersionDate "2017.04.27"]
[SourceQuality "1"]

1. e4 c5 2. Nf3 e6 3. c3 Nf6 4. e5 Nd5 5. d4 cxd4 6. cxd4 d6 7. Bc4 Nb6 8. Bd3 dxe5 9. dxe5 Na6 10. 0-0 Nc5 11. Bb5+ Bd7 12. Bxd7+ Qxd7 13. Qe2 Qd3 14. Re1 Be7 15. Nc3 0-0 16. Bg5 Bxg5 17. Nxg5 Rad8 18. Nge4 Nxe4 19. Nxe4 Qxe2 20. Rxe2 Nc4 21. f4 Rd4 22. g3 Rfd8 23. b3 Rd1+ 24. Rxd1 Rxd1+ 25. Kf2 Na3 26. Rd2 Rxd2+ 27. Nxd2 Kf8 28. Ne4 Nb5 29. Ke3 b6 30. a4 Nc7 31. Nd6 Nd5+ 32. Kd4 a6 33. a5 bxa5 34. Nb7 Ke7 35. Nxa5 Kd7 36. Kc5 Kc7 37. Nc4 g6 38. Nd6 f5 39. Ne8+ 1-0